<?xml version="1.0" encoding="UTF-8"?>
<record
    xmlns:xsi="http://www.w3.org/2001/XMLSchema-instance"
    xsi:schemaLocation="http://www.loc.gov/MARC21/slim http://www.loc.gov/standards/marcxml/schema/MARC21slim.xsd"
    xmlns="http://www.loc.gov/MARC21/slim">

  <leader>00848nam a22002177a 4500</leader>
  <controlfield tag="008">121117e2001    m  ||||| |||| 00| 0 spa d</controlfield>
  <datafield tag="020" ind1=" " ind2=" ">
    <subfield code="a">84-8428-175-2</subfield>
  </datafield>
  <datafield tag="082" ind1=" " ind2=" ">
    <subfield code="2">363.2562 B381h</subfield>
  </datafield>
  <datafield tag="100" ind1=" " ind2=" ">
    <subfield code="a">Beavan, Colin</subfield>
    <subfield code="9">17773</subfield>
  </datafield>
  <datafield tag="245" ind1=" " ind2=" ">
    <subfield code="a">Huellas Dactilares: </subfield>
    <subfield code="b">los or&#xED;genes de la dactilosco&#xED;a y de la ciencia de la identificaci&#xF3;n criminal</subfield>
    <subfield code="c">Colin Beavan </subfield>
    <subfield code="h">autor</subfield>
  </datafield>
  <datafield tag="260" ind1=" " ind2=" ">
    <subfield code="a">Barcelona</subfield>
    <subfield code="b">Alba Editorial</subfield>
    <subfield code="c">2001</subfield>
  </datafield>
  <datafield tag="300" ind1=" " ind2=" ">
    <subfield code="a">270 p&#xE1;ginas</subfield>
  </datafield>
  <datafield tag="440" ind1=" " ind2=" ">
    <subfield code="a">(Trayectos ; 48)</subfield>
    <subfield code="9">17774</subfield>
  </datafield>
  <datafield tag="500" ind1=" " ind2=" ">
    <subfield code="a">Traducci&#xF3;n : Fingerprints.</subfield>
  </datafield>
  <datafield tag="505" ind1=" " ind2=" ">
    <subfield code="a">Contenido: Cronolog&#xED;a de la dactiloscop&#xED;a.- Atrapar a un ladr&#xF3;n.- Como ratones sin ratonera.- </subfield>
  </datafield>
  <datafield tag="650" ind1=" " ind2=" ">
    <subfield code="2">1. HUELLAS DACTILARES</subfield>
  </datafield>
  <datafield tag="650" ind1=" " ind2=" ">
    <subfield code="a">2. HUELLAS DIGITALES - IDENTIFICACI&#xD3;N.</subfield>
    <subfield code="9">17775</subfield>
  </datafield>
  <datafield tag="650" ind1=" " ind2=" ">
    <subfield code="a">3. INVESTIGACI&#xD3;N CRIMINAL.</subfield>
    <subfield code="9">17776</subfield>
  </datafield>
  <datafield tag="700" ind1=" " ind2=" ">
    <subfield code="a">I. Attrache, Ismael </subfield>
    <subfield code="e">traductor</subfield>
    <subfield code="9">17777</subfield>
  </datafield>
  <datafield tag="942" ind1=" " ind2=" ">
    <subfield code="c">LB</subfield>
  </datafield>
  <datafield tag="952" ind1=" " ind2=" ">
    <subfield code="0">0</subfield>
    <subfield code="1">0</subfield>
    <subfield code="2">lcc</subfield>
    <subfield code="4">0</subfield>
    <subfield code="7">0</subfield>
    <subfield code="a">01</subfield>
    <subfield code="b">01</subfield>
    <subfield code="d">2012-11-17</subfield>
    <subfield code="l">11</subfield>
    <subfield code="o">363.2565 B381h</subfield>
    <subfield code="p">01 013300</subfield>
    <subfield code="r">2019-12-10</subfield>
    <subfield code="s">2019-12-10</subfield>
    <subfield code="t">1</subfield>
    <subfield code="w">2012-11-17</subfield>
    <subfield code="y">LB</subfield>
  </datafield>
  <datafield tag="952" ind1=" " ind2=" ">
    <subfield code="0">0</subfield>
    <subfield code="1">0</subfield>
    <subfield code="2">lcc</subfield>
    <subfield code="4">0</subfield>
    <subfield code="7">0</subfield>
    <subfield code="a">22</subfield>
    <subfield code="b">22</subfield>
    <subfield code="d">2016-02-18</subfield>
    <subfield code="l">14</subfield>
    <subfield code="m">2</subfield>
    <subfield code="o">HV6074 B4318 </subfield>
    <subfield code="p">22 001280</subfield>
    <subfield code="r">2023-01-16</subfield>
    <subfield code="s">2019-07-30</subfield>
    <subfield code="t">1</subfield>
    <subfield code="w">2016-02-18</subfield>
    <subfield code="y">LB</subfield>
  </datafield>
  <datafield tag="999" ind1=" " ind2=" ">
    <subfield code="c">88705</subfield>
    <subfield code="d">88705</subfield>
  </datafield>
</record>
